| 000 | 01144nam a2200241Ia 4500 | ||
|---|---|---|---|
| 999 |
_c48580 _d48580 |
||
| 001 | 15479 | ||
| 003 | GE_BSU | ||
| 005 | 20221004113948.0 | ||
| 008 | 181216s2000||||ge |||||||||||||| ||geo|| | ||
| 020 | _a9992822686 | ||
| 040 | _cGE_BSU | ||
| 041 | _ageo | ||
| 080 | _a343.98 კ-48 | ||
| 100 |
_aგოგშელიძე, რევაზ _93473 |
||
| 245 |
_aკრიმინალისტიკა : _bტ. 1 / _c[რევაზ გოგშელიძე, ვარლენ სიმონიშვილი, აპოლონ ფალიაშვილი ; ავტ. კოლ. ხელმძღვ. და რედ. აპოლონ ფალიაშვილი] |
||
| 264 |
_aთბილისი : _bმერიდიანი, _c2000. |
||
| 300 |
_a291 გვ.; _b21 სმ. |
||
| 653 | _aკრიმინალისტიკა | ||
| 653 | _aსამართალი | ||
| 700 |
_aსიმონიშვილი, ვარლენ _eავტორი _915004 |
||
| 700 |
_aფალიაშვილი, აპოლონ _eავტორი, რედაქტორი _9241 |
||
| 942 |
_cBK _2udc |
||